مكتبة جامعة عجلون الوطنية

فهرس بحث المكتبة

Normal view MARC view
  • الاسرة - اطفال - رعاية الطفولة

Entry Topical Term

Number of records used in: 1

001 - CONTROL NUMBER

  • control field: 27918

003 - CONTROL NUMBER IDENTIFIER

  • control field: JO-AjAnu

005 - DATE AND TIME OF LATEST TRANSACTION

  • control field: 20230606074733.0

008 - FIXED-LENGTH DATA ELEMENTS

  • fixed length control field: 230606|| aca||aabn | a|a d

040 ## - CATALOGING SOURCE

  • Original cataloging agency: JO-AjAnu
  • Transcribing agency: JO-AjAnu

150 ## - HEADING--TOPICAL TERM

  • Topical term or geographic name entry element: الاسرة - اطفال - رعاية الطفولة

670 ## - SOURCE DATA FOUND

  • Source citation: Work cat.: (JO-AjAnu)14333: الناشف، هدى محمود, author 27917, الاسرة وتربية الطفل = Family and Child Education